000 00694nam a2200217 i 4500
001 32731
003 ES-MaACL
005 20250815080450.0
007 t|
008 150618s1972 sp ||||1| spa d
080 _a330.115(04)
245 0 0 _aLecturas de Econometría /
_cselección e introducción por Angel Alcaide.
260 _aMadrid :
_bGredos,
_c1972.
300 _a402 p.. ;
_c24 cm.
490 1 _aBiblioteca de Ciencias Económicas. I. Teoría Económica ;
_v6
650 0 4 _aEconometría.
_912005
700 0 _aAlcaide Inchausti, Angel.
_919443
830 0 0 _aBiblioteca de ciencias económicas
_v6
_9181450
852 _aES-MaACL
_jE-15687
999 _c32731
_d32731